| 000 | 01140cam a22002897a 4500 | ||
|---|---|---|---|
| 001 | 15161940 | ||
| 005 | 20080320143001.0 | ||
| 008 | 080130s2008 maua b 001 0 eng d | ||
| 010 | _a 2008295493 | ||
| 020 | _a9781428319455 | ||
| 020 | _a142831945X | ||
| 035 | _a(OCoLC)ocn156808186 | ||
| 040 |
_aBTCTA _cBTCTA _dBAKER _dYDXCP _dUAB _dDLC |
||
| 042 | _alccopycat | ||
| 050 | 0 | 0 |
_aQA76.9.A25 _bS57 2008 |
| 082 | 0 | 0 |
_a005.8 _222 _bSIN |
| 100 | 1 |
_aSinn, Richard. _911279 |
|
| 245 | 1 | 0 |
_aSoftware security technologies : _ba programmatic approach / _cRichard Sinn. |
| 260 |
_a[Boston] : _bThomson/Course Technology, _cc2008. |
||
| 300 |
_axiv, 480 p. : _bill. ; _c24 cm. |
||
| 500 | _a"Preparing tomorrow's information security professionals"--Cover. | ||
| 504 | _aIncludes bibliographical references and index. | ||
| 650 | 0 |
_aComputer security. _911280 |
|
| 942 |
_2ddc _cBB |
||
| 999 |
_c13362 _d13362 |
||